| 000 | 01172 a2200265 4500 | ||
|---|---|---|---|
| 001 | 119119 | ||
| 020 | _q(Broch.) | ||
| 041 | _apor | ||
| 082 | _a028.5 | ||
| 100 | _aNaddeo, Roberto Keller | ||
| 520 | _aO reino está em perigo e somente um príncipe ou uma princesa pode salvá-lo. Adivinhe quem será o herói dessa história? Envoltos nesse clima de fantasia de príncipes e dragões, amizade, autoconfiança e tolerância são tratados de forma leve e divertida. Eu e o Dragão é indicado para crianças a partir de 4 anos, que começam a observar seu crescimento, orgulhar-se das pequenas vitórias quotidianas mas que ainda se sentem inseguras diante dos novos desafios que a vida lhes apresenta. | ||
| 521 | _aYear 1 | ||
| 697 | _aMedo | ||
| 697 | _aRotina | ||
| 697 | _aSuperação | ||
| 697 | _aLiteratura infantil | ||
| 856 | _u000034/00003429.png | ||
| 040 |
_aBR-BrIDEA _cBR-BrIDEA |
||
| 090 |
_aA Year 1 028 _bNAD |
||
| 245 | 1 | 0 |
_aAlice e o dragão _cRoberto Keller Naddeo; ilustrações de Felippe Pinheiro |
| 260 |
_aSão Paulo _bEUnolivro _c2016 |
||
| 300 |
_a25 p. _bil. color |
||
| 700 |
_aPinheiro, Felippe _eIlustrador |
||
| 942 | _cBK | ||
| 999 |
_c119119 _d119119 |
||